| 000 | 00432nam a2200121Ia 4500 | ||
|---|---|---|---|
| 008 | 220615s9999||||xx |||||||||||||| ||und|| | ||
| 100 | _aKorpijaakko, Maria | ||
| 245 | 0 |
_aCracking Facebook _bThe Importance of Understanding Technology-Based Communication |
|
| 546 | _aEnglish[eng] | ||
| 650 | _aSocial Science||Sociology||General | ||
| 856 | _uhttps://library.oapen.org/bitstream/20.500.12657/43440/1/external_content.pdf | ||
| 942 | _cEB | ||
| 999 |
_c8171 _d8171 |
||